000 00735nam a22002417a 4500
001 67568
003 UA-OsUOA
005 20220127205212.0
007 ta
008 20100303b un ||||| |||| 00| 0 ukr d
020 _a966-8467-98-1
040 _aUA-OsUOA
_bukr
_cUA-OsUOA
_dUA-OsUOA
041 _aukr
080 _a343.148
090 _a343.148
_bА18
100 _aАвдєєва Г. К.
245 _aСудова експертиза контрафактної аудіовізуальної продукції
_bмонографія
260 _aХарків
_bПраво
_c2006
300 _a191 с.
650 7 _a343 Кримінальне право. Карні порушення
_2UDC
942 _cBK
_2udc
955 _a2
999 _c353557
_d353557